Asian capitals by exact name - Statistics

General Stats
  • This quiz has been taken 19 times
  • The average score is 35 of 48
Answer Stats
Hint Answer % Correct
Afghanistan Kabul
100%
Azerbaijan Baku
93%
Bangladesh Dhaka
86%
Bahrain Manama
86%
Iraq Baghdad
79%
China Beijing
79%
Syria Damascus
79%
Pakistan Islamabad
79%
Indonesia Jakarta
79%
Israel Jerusalem
79%
Kuwait Kuwait City
79%
Philippines Manila
79%
Oman Muscat
79%
India New Delhi
79%
Cyprus Nicosia
79%
Saudi Arabia Riyadh
79%
South Korea Seoul
79%
Singapore Singapore
79%
Iran Tehran
79%
Japan Tokyo
79%
Armenia Yerevan
79%
United Arab Emirates Abu Dhabi
71%
Jordan Amman
71%
Turkey Ankara
71%
Thailand Bangkok
71%
Lebanon Beirut
71%
Kyrgyzstan Bishkek
71%
East Timor Dili
71%
Qatar Doha
71%
Nepal Kathmandu
71%
Malaysia Kuala Lumpur
71%
Maldives Malé
71%
North Korea Pyongyang
71%
Georgia Tbilisi
71%
Mongolia Ulaanbaatar
71%
Turkmenistan Ashgabat
64%
Tajikistan Dushanbe
64%
Vietnam Hanoi
64%
Myanmar Naypyidaw
64%
Cambodia Phnom Penh
64%
Yemen Sana'a
64%
Taiwan Taipei
64%
Uzbekistan Tashkent
64%
Bhutan Thimphu
64%
Laos Vientiane
64%
Brunei Bandar Seri Begawan
57%
Kazakhstan Nur-Sultan
57%
Sri Lanka Sri Jayawardenapura Kotte
29%
No matching quizzes found
Score Distribution
Percent of People with Each Score
Percentile by Number Answered
Your Score History
You have not taken this quiz